All Bloons - Bloons TD 6 - Statistics

General Stats
  • This quiz has been taken 249 times
    69 since last reset
  • The average score is 23 of 41
Answer Stats
Bloon % Correct
Blue Bloon
100%
Green Bloon
100%
Red Bloon
100%
Massive Ornary Air Blimp
98%
Pink Bloon
98%
Ceramic Bloon
97%
White Bloon
97%
Yellow Bloon
97%
Black Bloon
95%
Zeppelin of Mighty Gargantuaness
95%
Big Airship of Doom
94%
Zebra Bloon
94%
Dark Dirigible Titan
89%
Lead Bloon
89%
Brutal Flying Behemoth
88%
Camo Bloon
86%
Purple Bloon
84%
Rainbow Bloon
84%
Bloonarius
77%
Fortified Bloon
73%
Regrow Bloon
66%
Dreadbloon
56%
Lych
52%
Vortex
48%
Phayze
44%
Dreadrock Bloon
31%
Gold Bloon
30%
Blastapopoulos
27%
Diamond Bloon
23%
Diamondback
19%
Lych-soul
19%
Test Bloon
19%
MOAB Test Bloon
11%
Undead Bloon
11%
Glass Bloon
8%
Frozen Bloon
5%
Resurrected Bloon
5%
Dynamite Bloon
3%
Aura Bloon
2%
Retribution Bloon
0%
Ringleader Bloon
0%
No matching quizzes found
Score Distribution
Percent of People with Each Score
Percentile by Number Answered
Your Score History
You have not taken this quiz since the last reset